THE TRAVAIL OF DIEUDONNE` (Record no. 9557)
[ view plain ]
| 000 -LEADER | |
|---|---|
| fixed length control field | 00334nam a22001337a 4500 |
| 005 - DATE AND TIME OF LATEST TRANSACTION | |
| control field | 20250901165819.0 |
| 008 - FIXED-LENGTH DATA ELEMENTS--GENERAL INFORMATION | |
| fixed length control field | 250408b |||||||| |||| 00| 0 eng d |
| 020 ## - INTERNATIONAL STANDARD BOOK NUMBER | |
| International Standard Book Number | 9789966255570 |
| 050 ## - LIBRARY OF CONGRESS CALL NUMBER | |
| Classification number | PL 8023.N93 2008 |
| 245 ## - TITLE STATEMENT | |
| Title | THE TRAVAIL OF DIEUDONNE` |
| Statement of responsibility, etc. | NYAMNJOH FRANCIS |
| 260 ## - PUBLICATION, DISTRIBUTION, ETC. | |
| Place of publication, distribution, etc. | NAIROBI |
| Name of publisher, distributor, etc. | EAEP |
| Date of publication, distribution, etc. | 2008 |
| 300 ## - PHYSICAL DESCRIPTION | |
| Extent | 164 |
| 942 ## - ADDED ENTRY ELEMENTS (KOHA) | |
| Source of classification or shelving scheme | Library of Congress Classification |
| Withdrawn status | Lost status | Source of classification or shelving scheme | Damaged status | Not for loan | Collection | Home library | Current library | Shelving location | Date acquired | Source of acquisition | Total checkouts | Full call number | Barcode | Date last seen | Price effective from | Koha item type |
|---|---|---|---|---|---|---|---|---|---|---|---|---|---|---|---|---|
| Library of Congress Classification | Main Library | Main Library | 04/08/2025 | DONATION FROM KICD | PL 8023.N93 2008 | PIUD0000650 | 04/08/2025 | 04/08/2025 | Books | |||||||
| Library of Congress Classification | Main Library | Main Library | 04/08/2025 | DONATION FROM KICD | PL 8023.N93 2008 | PIUD0000663 | 04/08/2025 | 04/08/2025 | Books |